[Event "Krakow op-A 23rd"]
[Site "Krakow"]
[Date "2012.12.31"]
[Round "6"]
[White "Szwarc, Pawel"]
[Black "Gajek, Radoslaw"]
[Result "0-1"]
[WhiteElo "2094"]
[BlackElo "2272"]
[PlyCount "56"]
[EventDate "2012.12.27"]
[EventType "swiss"]
[EventRounds "9"]
[EventCountry "POL"]
[SourceTitle "CBM 152 Extra"]
[Source "ChessBase"]
[SourceDate "2013.02.25"]
[SourceVersion "1"]
[SourceVersionDate "2013.02.25"]
[SourceQuality "1"]

1. e4 c5 2. Nf3 d6 3. d4 cxd4 4. Nxd4 Nf6 5. Nc3 a6 6. Bg5 e6 7. f4 h6 8. Bh4 Qb6 9. Qd2 Qxb2 10. Rb1 Qa3 11. Bxf6 gxf6 12. f5 Nc6 13. fxe6 fxe6 14. Bc4 Nxd4 15. Qxd4 Be7 16. Qd3 b5 17. Bb3 Qc5 18. Ne2 Rg8 19. Nf4 Kf7 20. Qh3 Qb4+ 21. Kf2 Qxe4 22. Qxh6 Rg5 23. g3 d5 24. Nd3 Rf5+ 25. Kg1 Bc5+ 26. Nxc5 Qd4+ 27. Kg2 Rf2+ 28. Kh3 e5+ 0-1

[Event "Krakow op-A 23rd"]
[Site "Krakow"]
[Date "2012.12.30"]
[Round "5"]
[White "Aliavdin, Nikolai"]
[Black "Szwarc, Pawel"]
[Result "0-1"]
[WhiteElo "2371"]
[BlackElo "2094"]
[PlyCount "51"]
[EventDate "2012.12.27"]
[EventType "swiss"]
[EventRounds "9"]
[EventCountry "POL"]
[SourceTitle "CBM 152 Extra"]
[Source "ChessBase"]
[SourceDate "2013.02.25"]
[SourceVersion "1"]
[SourceVersionDate "2013.02.25"]
[SourceQuality "1"]

1. e4 c5 2. Nf3 d6 3. d4 cxd4 4. Nxd4 Nf6 5. Nc3 a6 6. Be3 e5 7. Nb3 Be6 8. f3 Nbd7 9. Qd2 b5 10. g4 Nb6 11. g5 Nh5 12. Nd5 Bxd5 13. exd5 Be7 14. Na5 Nf4 15. Nc6 Qc7 16. Nxe7 Kxe7 17. Bxf4 exf4 18. 0-0-0 Rhc8 19. Bh3 Nxd5 20. Bxc8 Rxc8 21. Kb1 Ne3 22. Rc1 Qb7 23. Qd3 Qxf3 24. Rhf1 Nxf1 25. Rxf1 Qxd3 26. cxd3 0-1

[Event "Krakow op-A 23rd"]
[Site "Krakow"]
[Date "2012.12.27"]
[Round "1"]
[White "Grinev, Valeriy"]
[Black "Szwarc, Pawel"]
[Result "1-0"]
[WhiteElo "2376"]
[BlackElo "2094"]
[PlyCount "67"]
[EventDate "2012.12.27"]
[EventType "swiss"]
[EventRounds "9"]
[EventCountry "POL"]
[SourceTitle "CBM 152 Extra"]
[Source "ChessBase"]
[SourceDate "2013.02.25"]
[SourceVersion "1"]
[SourceVersionDate "2013.02.25"]
[SourceQuality "1"]

1. d4 f5 2. g3 Nf6 3. Bg2 g6 4. b3 Bg7 5. Bb2 0-0 6. Nf3 Ne4 7. 0-0 c5 8. Nbd2 Nc6 9. e3 d5 10. c4 e6 11. Qc2 cxd4 12. exd4 Bd7 13. a3 Rc8 14. c5 g5 15. b4 g4 16. Ne5 Nxe5 17. dxe5 Bb5 18. Rfe1 Nxd2 19. Qxd2 f4 20. a4 Bc4 21. Rac1 f3 22. Bf1 Bxf1 23. Kxf1 Rf5 24. Kg1 Qe8 25. Qd4 Qh5 26. h4 gxh3 27. Kh2 Rg5 28. b5 Rg4 29. Qd1 Bh6 30. Rc3 d4 31. Rc4 d3 32. Qxf3 Rh4 33. Qxh5 Rxh5 34. f4 1-0

[Event "POL-chT3 Slaskie"]
[Site "Poland"]
[Date "2008.03.02"]
[Round "6.74"]
[White "Szwarc, Pawel"]
[Black "Falkowski, Dawid"]
[Result "1/2-1/2"]
[WhiteElo "2121"]
[BlackElo "1978"]
[PlyCount "64"]
[EventDate "2008.02.03"]
[EventType "team-swiss"]
[EventRounds "9"]
[EventCountry "POL"]
[SourceTitle "EXT 2019"]
[Source "ChessBase"]
[SourceDate "2018.10.10"]
[SourceVersion "1"]
[SourceVersionDate "2018.10.10"]
[SourceQuality "1"]

1. d4 Nf6 2. c4 e6 3. g3 d5 4. Bg2 c6 5. Nf3 Nbd7 6. b3 Bd6 7. 0-0 0-0 8. Bb2 Ne4 9. Nc3 f5 10. Nd2 Ndf6 11. f3 Nxd2 12. Qxd2 e5 13. c5 Bc7 14. dxe5 Bxe5 15. Rad1 Qe7 16. b4 Be6 17. e3 Rfd8 18. Ne2 Nd7 19. Bd4 Bf6 20. Qb2 Bf7 21. Rfe1 Qxe3+ 22. Kf1 Qh6 23. Kg1 Re8 24. Bxf6 Qxf6 25. Qxf6 Nxf6 26. Nd4 Nd7 27. Nxf5 b6 28. cxb6 axb6 29. Ne7+ Kf8 30. Nxc6 Rxa2 31. Rxe8+ Kxe8 32. f4 Nf6 1/2-1/2

[Event "POL-chT 60th 1st League"]
[Site "Ustron"]
[Date "2004.09.11"]
[Round "8"]
[White "Liwak, Przemyslaw"]
[Black "Szwarc, Pawel"]
[Result "1-0"]
[WhiteElo "2332"]
[BlackElo "2112"]
[PlyCount "40"]
[EventDate "2004.09.04"]
[EventType "team-tourn"]
[EventRounds "9"]
[EventCountry "POL"]
[SourceTitle "EXT 2007"]
[Source "ChessBase"]
[SourceDate "2006.11.23"]
[SourceVersion "1"]
[SourceVersionDate "2006.11.23"]
[SourceQuality "1"]
[WhiteTeam "Gorzow Wielkopolski Stilon"]
[BlackTeam "Katowice Start"]
[WhiteTeamCountry "POL"]
[BlackTeamCountry "POL"]

1. e4 c5 2. Nf3 e6 3. d4 cxd4 4. Nxd4 a6 5. Nc3 Nc6 6. Be2 Qc7 7. Be3 Nf6 8. a3 b5 9. Nxc6 dxc6 10. 0-0 Bb7 11. f4 c5 12. e5 Nd5 13. Nxd5 Bxd5 14. c4 Bc6 15. cxb5 axb5 16. Qc2 Bd7 17. Rad1 Be7 18. Rd2 0-0 19. Rfd1 Rfd8 20. Kf1 Rac8 1-0

[Event "POL-chT 60th 1st League"]
[Site "Ustron"]
[Date "2004.09.09"]
[Round "6"]
[White "Seifert, Henryk"]
[Black "Szwarc, Pawel"]
[Result "1/2-1/2"]
[WhiteElo "2253"]
[BlackElo "2112"]
[PlyCount "42"]
[EventDate "2004.09.04"]
[EventType "team-tourn"]
[EventRounds "9"]
[EventCountry "POL"]
[SourceTitle "EXT 2007"]
[Source "ChessBase"]
[SourceDate "2006.11.23"]
[SourceVersion "1"]
[SourceVersionDate "2006.11.23"]
[SourceQuality "1"]
[WhiteTeam "Dankowice Pasjonat"]
[BlackTeam "Katowice Start"]
[WhiteTeamCountry "POL"]
[BlackTeamCountry "POL"]

1. e4 c5 2. Nf3 e6 3. c3 d5 4. exd5 exd5 5. d4 Nc6 6. Bb5 Bd6 7. dxc5 Bxc5 8. 0-0 Nge7 9. Nbd2 0-0 10. Nb3 Bd6 11. Bg5 Bg4 12. Bh4 Qc7 13. Bg3 Bxg3 14. hxg3 Rad8 15. Be2 Rfe8 16. Re1 h6 17. Nfd4 Bxe2 18. Rxe2 Nc8 19. Qe1 Nd6 20. Rd1 a6 21. Nf3 Ne4 1/2-1/2

[Event "POL-chT 60th 1st League"]
[Site "Ustron"]
[Date "2004.09.04"]
[Round "1"]
[White "Szoen, Dariusz"]
[Black "Szwarc, Pawel"]
[Result "1-0"]
[WhiteElo "2400"]
[BlackElo "2112"]
[PlyCount "79"]
[EventDate "2004.09.04"]
[EventType "team-tourn"]
[EventRounds "9"]
[EventCountry "POL"]
[SourceTitle "EXT 2007"]
[Source "ChessBase"]
[SourceDate "2006.11.23"]
[SourceVersion "1"]
[SourceVersionDate "2006.11.23"]
[SourceQuality "1"]
[WhiteTeam "Jaworzno JKSz MCKiS"]
[BlackTeam "Katowice Start"]
[WhiteTeamCountry "POL"]
[BlackTeamCountry "POL"]

1. e4 c5 2. Nc3 e6 3. Nf3 a6 4. d4 cxd4 5. Nxd4 Nc6 6. Be2 Qc7 7. 0-0 Nf6 8. Kh1 Nxd4 9. Qxd4 Bc5 10. Qd3 b5 11. Bf3 Rb8 12. g3 d6 13. Bf4 Nd7 14. Bg2 Ne5 15. Qe2 Bd7 16. a3 Nc4 17. Bc1 0-0 18. Rd1 Rfc8 19. Nb1 a5 20. c3 a4 21. Nd2 Na5 22. Nf1 Bc6 23. Be3 Nb3 24. Rab1 Qb7 25. Nd2 Rd8 26. Nxb3 axb3 27. f3 Qb6 28. Bd4 e5 29. Bg1 f6 30. Rd2 Be8 31. Rbd1 Bxg1 32. Rxg1 Bf7 33. Rgd1 Bc4 34. Qe1 Qc6 35. Bf1 Rb6 36. Bxc4+ bxc4 37. Qe3 Rb5 38. Rd5 Rxd5 39. Rxd5 Ra8 40. f4 1-0

[Event "POL-chT 2nd League"]
[Site "Wysowa"]
[Date "2003.09.09"]
[Round "5"]
[White "Kulesza, Mateusz"]
[Black "Szwarc, Pawel"]
[Result "1-0"]
[WhiteElo "2217"]
[BlackElo "2129"]
[PlyCount "77"]
[EventDate "2003.09.06"]
[EventType "team-swiss"]
[EventRounds "11"]
[EventCountry "POL"]
[SourceTitle "CBM 096 Extra"]
[Source "ChessBase"]
[SourceDate "2003.10.22"]
[SourceVersion "2"]
[SourceVersionDate "2003.10.20"]
[SourceQuality "1"]
[WhiteTeam "Rybnik MKSz"]
[BlackTeam "Katowice Start"]
[WhiteTeamCountry "POL"]
[BlackTeamCountry "POL"]

1. g3 f5 2. Bg2 Nf6 3. c4 g6 4. Nc3 Bg7 5. e3 d6 6. Nge2 e5 7. d4 Nc6 8. 0-0 0-0 9. Rb1 h6 10. b4 g5 11. b5 Ne7 12. Nd5 e4 13. Nxf6+ Bxf6 14. f3 exf3 15. Bxf3 c6 16. bxc6 bxc6 17. Ba3 Qc7 18. Qa4 a5 19. Rb2 Ba6 20. Rfb1 Rfc8 21. Bg2 Kh8 22. Qc2 Rab8 23. Bh3 Rxb2 24. Bxb2 Rf8 25. Rf1 Bg7 26. g4 d5 27. gxf5 Bxc4 28. Rf2 Ng8 29. Ng3 Nf6 30. e4 g4 31. Bg2 h5 32. e5 h4 33. exf6 hxg3 34. fxg7+ Kxg7 35. hxg3 Qxg3 36. Qd2 Qh4 37. Qf4 Re8 38. f6+ Kh7 39. Qc7+ 1-0

[Event "POL-ch U18"]
[Site "Bartkowa"]
[Date "2002.??.??"]
[Round "?"]
[White "Szwarc, Pawel"]
[Black "Bartel, Mateusz"]
[Result "0-1"]
[WhiteElo "2140"]
[BlackElo "2413"]
[PlyCount "66"]
[EventDate "2002.01.??"]
[EventType "swiss"]
[EventRounds "10"]
[EventCountry "POL"]
[SourceTitle "EXT 2005"]
[Source "ChessBase"]
[SourceDate "2004.11.15"]
[SourceVersion "1"]
[SourceVersionDate "2004.11.15"]
[SourceQuality "1"]

1. c4 d6 2. d4 f5 3. g3 g6 4. Bg2 Bg7 5. Nf3 Nf6 6. 0-0 0-0 7. Nc3 Nc6 8. d5 Na5 9. Qa4 c5 10. dxc6 Nxc6 11. Rd1 Kh8 12. c5 d5 13. Bf4 Be6 14. Ne5 Qc8 15. Nd3 Ne4 16. Nb5 Bd7 17. Nc7 e5 18. Nxa8 exf4 19. gxf4 Qxa8 20. e3 Qc8 21. Qc2 d4 22. Rac1 Be6 23. b3 Nc3 24. Re1 dxe3 25. fxe3 Bd5 26. Bxd5 Nxd5 27. Kg2 Qe6 28. Qf2 Qe4+ 29. Qf3 Qxd3 30. Rcd1 Qc2+ 31. Kg3 Nc3 32. Rd7 Ne4+ 33. Kh3 Ne5 0-1

[Event "POL-chT U19 2nd League"]
[Site "Krynica"]
[Date "2001.??.??"]
[Round "5"]
[White "Szwarc, Pawel"]
[Black "Fudalej, Grzegorz"]
[Result "1/2-1/2"]
[WhiteElo "2160"]
[BlackElo "2045"]
[PlyCount "56"]
[EventDate "2001.07.16"]
[EventType "team-swiss"]
[EventRounds "11"]
[EventCountry "POL"]
[SourceTitle "EXT 2003"]
[Source "ChessBase"]
[SourceDate "2002.11.25"]
[SourceVersion "1"]
[SourceVersionDate "2002.11.25"]
[SourceQuality "1"]
[WhiteTeam "Katowice Start U19"]
[BlackTeam "Zabrze Budosak U19"]
[WhiteTeamCountry "POL"]
[BlackTeamCountry "POL"]

1. d4 d6 2. Nf3 Nf6 3. g3 g6 4. Bg2 Bg7 5. 0-0 0-0 6. c4 c6 7. Nc3 Qa5 8. e4 e5 9. dxe5 dxe5 10. h3 Nbd7 11. Be3 Re8 12. Qc2 Nf8 13. Rfd1 Ne6 14. a3 Qc7 15. c5 Nd7 16. b4 b6 17. cxb6 axb6 18. Qb3 b5 19. Rac1 Qb7 20. a4 bxa4 21. Nxa4 Rb8 22. Rc4 Bf8 23. Rb1 c5 24. b5 Nd4 25. Nxd4 exd4 26. Bf4 Ne5 27. Nxc5 Qb6 28. Na4 Qxb5 1/2-1/2

[Event "POL-chT U19 2nd League"]
[Site "Krynica"]
[Date "2001.??.??"]
[Round "2"]
[White "Szwarc, Pawel"]
[Black "Slezak, Robert"]
[Result "0-1"]
[WhiteElo "2160"]
[BlackElo "2105"]
[PlyCount "60"]
[EventDate "2001.07.16"]
[EventType "team-swiss"]
[EventRounds "11"]
[EventCountry "POL"]
[SourceTitle "EXT 2003"]
[Source "ChessBase"]
[SourceDate "2002.11.25"]
[SourceVersion "1"]
[SourceVersionDate "2002.11.25"]
[SourceQuality "1"]
[WhiteTeam "Katowice Start U19"]
[BlackTeam "Wisla Strumien U19"]
[WhiteTeamCountry "POL"]
[BlackTeamCountry "POL"]

1. d4 Nf6 2. Nf3 g6 3. c4 Bg7 4. g3 d6 5. Bg2 0-0 6. 0-0 c6 7. Nc3 Nbd7 8. Qc2 Ne8 9. e4 e5 10. Rd1 Qe7 11. b3 f5 12. Bg5 Qf7 13. exf5 gxf5 14. dxe5 dxe5 15. Bc1 Qh5 16. Ba3 Rf6 17. Bb2 Nd6 18. h3 Nf7 19. b4 Nf8 20. Ne2 Rh6 21. Rac1 Bf6 22. Nc3 Rg6 23. Qe2 Qh6 24. Na4 e4 25. Ne1 Bxb2 26. Nxb2 Ng5 27. h4 Nf7 28. Qd2 Qh5 29. c5 Be6 30. Nc4 Rd8 0-1